000
00287 a2200133 4500
000
nam a22 7a 4500
100
_a
Jangir, M K
110
_a
Jangir, M K
245
_a
labour law Volume 1
250
_a
Latest edition
260
_b
UP
_c
2024
264
_b
UP
_c
2024
942
_c
BK
999
_c
396266
_d
396266